| 000 | 00811nam a2200253Ia 4500 | ||
|---|---|---|---|
| 003 | GCL | ||
| 005 | 20240530095332.0 | ||
| 008 | 140319s9999 xx 000 0 ara d | ||
| 040 |
_aGCL / _cGCL |
||
| 082 | 0 | 4 |
_a577 _bق/م ب |
| 100 | 1 | _aمحمد عطية محمد | |
| 245 | 1 | 0 |
_aالبيئة المصرية / _cمحمد عطية محمد |
| 260 |
_aالقاهرة : _bمكتبة بستان المعرفة ، _c2003 |
||
| 300 |
_a372 ص ؛ _c24 سم |
||
| 650 | 0 | 4 | _aتلوث البيئة |
| 650 | 0 | 4 | _aحماية البيئة |
| 650 | 0 | 4 | _aالانفجار السكانى |
| 650 | 0 | 4 | _aالبيئة والانسان |
| 650 | 0 | 4 | _aالهواء - تلوث |
| 650 | 0 | 4 | _aالتغيير الاجتماعى |
| 650 | 0 | 4 | _aالبيئة - مصر |
| 650 | 0 | 4 | _aالاغذية - تلوث |
| 942 |
_2ddc _cBK |
||
| 999 |
_c6264 _d6264 |
||